Domastic Water Treatment Methods: (Record no. 203058)

MARC details
000 -LEADER
fixed length control field 00588nam a22001817a 4500
005 - DATE AND TIME OF LATEST TRANSACTION
control field 20240521112008.0
010 ## - LCCN (DPL NO)
LC control number ENG-140383
020 ## - INTERNATIONAL STANDARD BOOK NUMBER
Terms of availability 60.00
035 ## - SYSTEM CONTROL NUMBER
System control number EN-123915
037 ## - SOURCE OF ACQUISITION
Source of stock number/acquisition DBAD
082 ## - DEWEY DECIMAL CLASSIFICATION NUMBER
Classification number 628.1
100 ## - MAIN ENTRY--PERSONAL NAME
Personal name Rajan, Amirtham Peter
245 ## - TITLE STATEMENT
Title Domastic Water Treatment Methods:
Remainder of title A Handbook On Drinking Water/
Statement of responsibility, etc By Amirtham Peter Rajan
260 ## - PUBLICATION, DISTRIBUTION, ETC. (IMPRINT)
Place of publication, distribution, etc Chennai
Name of publisher, distributor, etc Thamarai Publications
Date of publication, distribution, etc 2010
270 ## - ADDRESS
City Chennai
Address 41-B, Sidco Industrial Estate Ambattur,
Postal code 600098
300 ## - PHYSICAL DESCRIPTION
Extent viii,85p.
Dimensions 21cm(pbk)
Other physical details ill.(col.)
942 ## - ADDED ENTRY ELEMENTS (KOHA)
Item type English Books
Classification part 628.1
Call number suffix RAJ
Source of classification or shelving scheme Dewey Decimal Classification
Holdings
Withdrawn status Lost status Not for loan Collection code Home library Current library Date acquired Source of acquisition Cost, normal purchase price Full call number Barcode Copy number Cost, replacement price Koha item type
      Non-fiction Central Library Central Library 21/05/2024 DBAD 60.00 628.1 RAJ EN-123915 1 60.00 English Books

© Delhi Public Library
Hit Counter
free hit counter